16 Strongest currencies - Statistics

General Stats
  • This quiz has been taken 100 times
  • The average score is 6 of 16
Answer Stats
Power Answer % Correct
8 Euro
86%
5 Pound Sterling
82%
15 Australian Dollar
63%
10 United States Dollar
61%
11 Canadian Dollar
55%
1 Kuwaiti Dinar
47%
9 Swiss Franc
46%
16 New Zealand Dollar
40%
3 Omani Rial
23%
2 Bahrain Dinar
22%
14 Singapore Dollar
18%
4 Jordan Dinar
16%
7 Cayman Islands Dollar
6%
13 Brunei Dollar
5%
6 Gibraltar Pound
5%
12 Libyan Dinar
1%
No matching quizzes found
Score Distribution
Percent of People with Each Score
Percentile by Number Answered
Your Score History
You have not taken this quiz